LEADER 01289nam a2200289 u 4500 001 000000022852 003 CaOOAMICUS 005 20070226111154.0 008 950331s1977 it u000 u ita u 035 $a10575103 040 $aPUL(R)$bita$dPUL(R) 041 1 $aita$hger 100 1 $aHegel, Georg Wilhelm Friedrich,$d1770-1831.$0(OLS)http://pul/name/6237 240 10$aTheologische Jugendschriften.$lItaliano.$0(OLS)http://pul/title/31810 245 10$aScritti teologici giovanili /$cHegel. 260 $aNapoli :$bGuida,$c1977. 300 $a2 v. (xvi+554 p.) ;$c18 cm 490 1 $aI Tascabili (Guida editori) ;$v1-2 830 2$aI Tascabili (Guida editori) ;$v1-2.$0(OLS)http://pul/title/31812 850 $aPUL 852 $aPUL$W1$xSL Filosofia 2$y80$mPhil D4 45e.1-2$j32039$nBK-PRI$b $qStampati altre collocazioni$B32039$CPULBib$Z2$F32039 $H $81 852 $aPUL$W1$xSL Filosofia 2$y80$mPhil D4 45e.1-2$j32039$nBK-PRI$b $qStampati altre collocazioni$B32040$CPULBib$Z2$F32040 $H $81 941 1 $a10 961 $aINV: 44987-44988 961 $aINV: 44987-44988 996 $6245$aScritti teologici giovanili$9(OLS)http://pul/title/31811 996 $6260$aNapoli :$bGuida$9(OLS)http://pul/publisher/50764 LEADER 01694nam a2200277 u 4500 001 000000031995 003 CaOOAMICUS 005 20070226112213.0 008 971010s1866 fr u000 u fre u 035 $a10772378 040 $aPUL(R)$bita 130 0 $aBiblia.$lFrancese.$0(OLS)http://pul/title/5322 245 13$aLa Sainte Bible /$ctraduction nouvelle selon la Vulgate par MM. J.-J. Bourassé et P. Janvier ... ; dessins de Gustave Doré ; ornamentation du texte par H. Giacomelli. 260 $aTour :$bA. Mame et fils,$c1866. 300 $a2 v. :$bant., ill., tav. ;$c43 cm 700 1 $aBourassé, Jean Jacques,$csac.,$d1813-1872.$0(OLS)http://pul/name/25373 700 1 $aDoré, Gustave,$d1832-1883.$0(OLS)http://pul/name/3319 700 1 $aJanvier, P.$0(OLS)http://pul/name/25374 850 $aPUL 852 $aPUL$W1$xDP1 Antico 800$y27$m1(2) G 3$j186961$nBK-PRI$bT 1$qStampati Antico$B44190$CPULBib$Z2$F44190 $82 852 $aPUL$W1$xDP1 Antico 800$y27$m1(2) G 4$j186962$nBK-PRI$bT 2$qStampati Antico$B44191$CPULBib$Z2$F44191 $82 941 1 $a15 961 $aLegatura in pelle rossa con scritte in oro. Precedente collocazione abrasa su targhetta rettangolare bordata di azzurro sul verso della coperta. Nota manoscritta in lingua francese e datata Bordeaux, 9 aprile 1877 : "La Sainte Bible illustr?e par Gustave Dor? offerte a Notre St.Pere le Pape, Pio IX..." 961 $aLegatura in pelle rossa con scritte in oro. Precedente collocazione abrasa su targhetta rettangolare bordata di azzurro sul verso della coperta. 996 $6245$aLa Sainte Bible$9(OLS)http://pul/title/5324 996 $6260$aTour :$bA. Mame et fils$9(OLS)http://pul/publisher/61244